000 00262nam a22001217a 4500
008 170628b xxu||||| |||| 00| 0 eng d
041 _aeng
080 _a82
100 _a22
101 _aGJL
245 _aWHAT IS MODERN PAITING
_cBARR.A.H
942 _2udc
_cBK
999 _c19436
_d19436